000 00617nam a2200181 i 4500
001 103804
003 ES-MaACL
005 20230906183440.0
007 t|
008 051118s1954 sp ||||1| spa d
100 1 _aMerkelbach, Benoit Henri.
_980559
245 1 0 _aMariología
_b: tratado de la Santísima Virgen María /
_cBenito Enrique Merkelbach ; traducido y notablemente mejorado por el P. Pedro Arenillas.
260 _aBilbao :
_bDesclée de Brouwer,
_c1954.
300 _a592 p. ;
_c22 cm.
650 0 4 _aMariología.
_914794
700 1 _aArenillas, Pedro.
_922620
852 _aES-MaACL
_jC-9238
_bR.37124
999 _c103804
_d103804